Geography Quiz

Random Geography or State Quiz

-1 Million Population States Quiz Stats

 Plays Quiz not verified by Sporcle

Score 0/7 Timer 02:00
0 Plays Today
Population State % Correct
641,481North Dakota
93.4%
804,194South Dakota
92.9%
532,668Wyoming
92.3%
686,293Alaska
92%
967,440Montana
91.8%
621,270Vermont
84.3%
873,092Delaware
78.1%

You're not logged in!

Compare scores with friends on all Sporcle quizzes.
OR
Log In

You Might Also Like...

Show Comments

Extras

Top Quizzes Today


Score Distribution

Your Account Isn't Verified!

In order to create a playlist on Sporcle, you need to verify the email address you used during registration. Go to your Sporcle Settings to finish the process.

Report this User

Report this user for behavior that violates our Community Guidelines.

Details: